<?xml version="1.0" encoding="UTF-8"?>
<collection xmlns="http://www.loc.gov/MARC21/slim">
  <record>
    <leader>00000nam  2200000   4500</leader>
    <controlfield tag="001">INLIS000000000017761</controlfield>
    <controlfield tag="005">20240904081237</controlfield>
    <datafield tag="035" ind1="#" ind2="#">
      <subfield code="a">0010-0824000382</subfield>
    </datafield>
    <controlfield tag="007">ta</controlfield>
    <controlfield tag="008">240904################|##########|#|##</controlfield>
    <datafield tag="100" ind1=" " ind2="#">
      <subfield code="a">Andi Indarwati</subfield>
    </datafield>
    <datafield tag="245" ind1="1" ind2="#">
      <subfield code="a">SIMODEL YANLINK :</subfield>
      <subfield code="b">Sistem Monitoring Dan Evaluasi Pelayanan Publik</subfield>
    </datafield>
    <datafield tag="250" ind1="#" ind2="#">
      <subfield code="a">1</subfield>
    </datafield>
    <datafield tag="260" ind1="#" ind2="#">
      <subfield code="a">Makassar :</subfield>
      <subfield code="b">Puslatbang KMP,</subfield>
      <subfield code="c">2023</subfield>
    </datafield>
    <datafield tag="300" ind1="#" ind2="#">
      <subfield code="a">35 halaman :</subfield>
      <subfield code="b">ilustrasi ;</subfield>
      <subfield code="c">30</subfield>
    </datafield>
    <datafield tag="500" ind1="#" ind2="#">
      <subfield code="a">Coach : Ahmad Sukarno Syahrir, S.IP., M,Adm.SDA Mentor : Drs.H.Zaenal Ibrahim, M.Si</subfield>
    </datafield>
    <datafield tag="650" ind1="#" ind2="4">
      <subfield code="a">Monitoring Dan Evaluasi</subfield>
    </datafield>
    <datafield tag="856" ind1="#" ind2="#">
      <subfield code="a">Perpustakaan Puslatbang KMP Makassar</subfield>
    </datafield>
  </record>
</collection>
